Regierungssysteme nach Ländern - Statistiken

Allgemein
  • Dieses Quiz wurde 10 mal gespielt
  • Das Durchschnittsergebnis liegt bei 116 aus 196
Antwortstatistiken
Regierungssystem Land % Korrekt
Einparteiensystem China
89%
Parlamentarisches Deutschland
89%
Präsidentielles Vatikanstadt
89%
Parlamentarisches Vereinigtes Königreich
89%
Parlamentarisches Albanien
78%
Semipräsidentielles Algerien
78%
Parlamentarisches Australien
78%
Parlamentarisches Belgien
78%
Parlamentarisches Dänemark
78%
Parlamentarisches Estland
78%
Parlamentarisches Finnland
78%
Semipräsidentielles Frankreich
78%
Parlamentarisches Griechenland
78%
Parlamentarisches Irak
78%
Präsidentielles Iran
78%
Parlamentarisches Kanada
78%
Parlamentarisches Lettland
78%
Semipräsidentielles Litauen
78%
Parlamentarisches Mongolei
78%
Parlamentarisches Nepal
78%
Parlamentarisches Niederlande
78%
Einparteiensystem Nordkorea
78%
Parlamentarisches Norwegen
78%
Semipräsidentielles Österreich
78%
Parlamentarisches Polen
78%
Parlamentarisches San Marino
78%
Parlamentarisches Schweden
78%
Semipräsidentielles Serbien
78%
Semipräsidentielles Slowakei
78%
Parlamentarisches Slowenien
78%
Parlamentarisches Somalia
78%
Präsidentielles Sri Lanka
78%
Semipräsidentielles Taiwan
78%
Präsidentielles Uganda
78%
Präsidentielles Usbekistan
78%
Präsidentielles Zypern
78%
Konstitutionelle Monarchie Andorra
67%
Parlamentarisches Antigua und Barbuda
67%
Parlamentarisches Armenien
67%
Präsidentielles Aserbaidschan
67%
Parlamentarisches Äthiopien
67%
Präsidentielles Belarus
67%
Konstitutionelle Monarchie Bhutan
67%
Parlamentarisches Bosnien und Herzegowina
67%
Parlamentarisches Bulgarien
67%
Präsidentielles Burundi
67%
Präsidentielles Sudan
67%
Präsidentielles Dschibuti
67%
Präsidentielles Ecuador
67%
Präsidentielles Elfenbeinküste
67%
Parlamentarisches Fidschi
67%
Semipräsidentielles Georgien
67%
Präsidentielles Guatemala
67%
Präsidentielles Guinea
67%
Semipräsidentielles Guinea-Bissau
67%
Semipräsidentielles Guyana
67%
Semipräsidentielles Haiti
67%
Präsidentielles Indonesien
67%
Parlamentarisches Irland
67%
Parlamentarisches Island
67%
Parlamentarisches Israel
67%
Parlamentarisches Japan
67%
Semipräsidentielles Jemen
67%
Parlamentarisches Kosovo
67%
Einparteiensystem Kuba
67%
Einparteiensystem Laos
67%
Parlamentarisches Libanon
67%
Übergangsregierung Libyen
67%
Parlamentarisches Luxemburg
67%
Semipräsidentielles Mali
67%
Parlamentarisches Malta
67%
Konstitutionelle Monarchie Marokko
67%
Parlamentarisches Montenegro
67%
Semipräsidentielles Namibia
67%
Parlamentarisches Neuseeland
67%
Semipräsidentielles Niger
67%
Präsidentielles Nigeria
67%
Parlamentarisches Nordmazedonien
67%
Absolute Monarchie Oman
67%
Parlamentarisches Papua-Neuguinea
67%
Semipräsidentielles Peru
67%
Semipräsidentielles Portugal
67%
Präsidentielles Ruanda
67%
Semipräsidentielles Rumänien
67%
Direktorialsystem Schweiz
67%
Semipräsidentielles Senegal
67%
Parlamentarisches Spanien
67%
Parlamentarisches St. Lucia
67%
Präsidentielles Südkorea
67%
Präsidentielles Südsudan
67%
Parlamentarisches Suriname
67%
Semipräsidentielles Tadschikistan
67%
Konstitutionelle Monarchie Thailand
67%
Präsidentielles Tschad
67%
Präsidentielles Türkei
67%
Einparteiensystem Turkmenistan
67%
Präsidentielles Vereinigte Staaten
67%
Einparteiensystem Vietnam
67%
Präsidentielles Zentralafrikanische Republik
67%
Semipräsidentielles Äquatorialguinea
56%
Präsidentielles Argentinien
56%
Parlamentarisches Bahamas
56%
Konstitutionelle Monarchie Bahrain
56%
Parlamentarisches Bangladesch
56%
Präsidentielles Benin
56%
Präsidentielles Bolivien
56%
Parlamentarisches Botswana
56%
Präsidentielles Brasilien
56%
Absolute Monarchie Brunei
56%
Präsidentielles Chile
56%
Präsidentielles Costa Rica
56%
Semipräsidentielles Demokratische Republik Kongo
56%
Parlamentarisches Dominica
56%
Einparteiensystem Eritrea
56%
Präsidentielles Gabun
56%
Präsidentielles Ghana
56%
Parlamentarisches Indien
56%
Parlamentarisches Italien
56%
Parlamentarisches Kambodscha
56%
Semipräsidentielles Kap Verde
56%
Semipräsidentielles Kasachstan
56%
Parlamentarisches Kirgistan
56%
Präsidentielles Kolumbien
56%
Präsidentielles Komoren
56%
Konstitutionelle Monarchie Kuwait
56%
Parlamentarisches Lesotho
56%
Konstitutionelle Monarchie Liechtenstein
56%
Übergangsregierung Madagaskar
56%
Parlamentarisches Malaysia
56%
Präsidentielles Mauretanien
56%
Präsidentielles Mexiko
56%
Parlamentarisches Mikronesien
56%
Parlamentarisches Moldau
56%
Semipräsidentielles Myanmar
56%
Semipräsidentielles Osttimor
56%
Präsidentielles Panama
56%
Präsidentielles Paraguay
56%
Präsidentielles Philippinen
56%
Präsidentielles Republik Kongo
56%
Semipräsidentielles Russland
56%
Präsidentielles Seychellen
56%
Semipräsidentielles Simbabwe
56%
Parlamentarisches Singapur
56%
Parlamentarisches St. Kitts und Nevis
56%
Parlamentarisches Südafrika
56%
Parlamentarisches Tschechien
56%
Semipräsidentielles Tunesien
56%
Parlamentarisches Tuvalu
56%
Semipräsidentielles Ukraine
56%
Parlamentarisches Vanuatu
56%
Konstitutionelle Monarchie Vereinigte Arabische Emirate
56%
Präsidentielles Afghanistan
44%
Semipräsidentielles Ägypten
44%
Parlamentarisches Belize
44%
Semipräsidentielles Burkina Faso
44%
Präsidentielles Dominikanische Republik
44%
Präsidentielles El Salvador
44%
Parlamentarisches Grenada
44%
Präsidentielles Honduras
44%
Parlamentarisches Jamaika
44%
Konstitutionelle Monarchie Jordanien
44%
Semipräsidentielles Kenia
44%
Parlamentarisches Kiribati
44%
Parlamentarisches Kroatien
44%
Präsidentielles Malediven
44%
Parlamentarisches Pakistan
44%
Präsidentielles Palau
44%
Absolute Monarchie Saudi-Arabien
44%
Präsidentielles Sierra Leone
44%
Übergangsregierung Syrien
44%
Präsidentielles Tansania
44%
Präsidentielles Togo
44%
Konstitutionelle Monarchie Tonga
44%
Präsidentielles Uruguay
44%
Präsidentielles Venezuela
44%
Präsidentielles Angola
33%
Absolute Monarchie Eswatini
33%
Präsidentielles Kamerun
33%
Absolute Monarchie Katar
33%
Parlamentarisches Mauritius
33%
Konstitutionelle Monarchie Monaco
33%
Präsidentielles Mosambik
33%
Parlamentarisches Salomonen
33%
Präsidentielles Sambia
33%
Parlamentarisches Ungarn
33%
Parlamentarisches Barbados
22%
Präsidentielles Gambia
22%
Präsidentielles Liberia
22%
Präsidentielles Malawi
22%
Präsidentielles Marshallinseln
22%
Parlamentarisches Nauru
22%
Präsidentielles Nicaragua
22%
Parlamentarisches Samoa
22%
Semipräsidentielles São Tomé und Príncipe
22%
Parlamentarisches St. Vincent und die Grenadinen
22%
Parlamentarisches Trinidad und Tobago
22%
Keine übereinstimmenden Quizze gefunden
Verteilung der Resultate
Anzahl Personen mit jedem Resultat
Perzentil nach korrekt beantworteten Fragen
Ihre Resultats-Entwicklung
Sie haben dieses Quiz noch nicht gespielt